000 00445nam a2200169Ia 4500
005 20240823010359.0
008 240823s9999||||xx |||||||||||||| ||und||
082 _A658.3124 N9
100 _aMinistry of Labour
245 0 _aTraining Manual for Industrial training institutes and centres
250 _a1st
260 _c1999
_b"TMH,New Delhi"
500 _aYES
650 _aManagement
_bManagement Studies
942 _cBK
999 _c158454
_d158454